Heidegger : (Record n. 360646)
[ formato base ]
| 000 -LEADER | |
|---|---|
| fixed length control field | 01989nam a2200277 i 4500 |
| 001 - CONTROL NUMBER | |
| control field | 000000005977 |
| 003 - CONTROL NUMBER IDENTIFIER | |
| control field | IT-MiSPE |
| 005 - DATE AND TIME OF LATEST TRANSACTION | |
| control field | 20251022135453.0 |
| 008 - FIXED-LENGTH DATA ELEMENTS--GENERAL INFORMATION | |
| fixed length control field | 041027s1983 xx u000 u ita c |
| 020 ## - INTERNATIONAL STANDARD BOOK NUMBER | |
| International Standard Book Number | 8838234892 |
| Terms of availability | 7.500 LIRE |
| 040 ## - CATALOGING SOURCE | |
| Original cataloging agency | IT-MiSPE |
| Language of cataloging | ita |
| Transcribing agency | IT-MiSPE |
| 041 ## - LANGUAGE CODE | |
| Language code of text/sound track or separate title | ita |
| 082 00 - DEWEY DECIMAL CLASSIFICATION NUMBER | |
| Classification number | 193-ZIN gu he (ppv 23420) |
| 100 1# - MAIN ENTRY--PERSONAL NAME | |
| Personal name | Zingari, Guido, |
| Dates associated with a name | 1949-2009 |
| Relator code | aut |
| Relator term | autore |
| 9 (RLIN) | 86101 |
| 245 10 - TITLE STATEMENT | |
| Title | Heidegger : |
| Remainder of title | i sentieri dell'essere / |
| Statement of responsibility, etc. | Guido Zingari. |
| 260 ## - PUBLICATION, DISTRIBUTION, ETC. (IMPRINT) | |
| Place of publication, distribution, etc. | Roma : |
| Name of publisher, distributor, etc. | Studium, |
| Date of publication, distribution, etc. | 1983. |
| 300 ## - PHYSICAL DESCRIPTION | |
| Extent | 145 p. ; |
| Dimensions | 18 cm |
| 490 1# - SERIES STATEMENT | |
| Series statement | Interpretazioni ; |
| Volume/sequential designation | 4 |
| 500 ## - GENERAL NOTE | |
| General note | Con una raccolta di testi di M. Heidegger. |
| 504 ## - BIBLIOGRAPHY, ETC. NOTE | |
| Bibliography, etc | Bibliogr. |
| 520 ## - SUMMARY, ETC. | |
| Summary, etc. | Pensare una introduzione alla filosofia di Heidegger vuol dire essenzialmente rivolgersi all'oggetto di questa filosofia: ovverosia l'essere e la possibilità da parte dell'uomo di esprimerlo. Heidegger ha insistito ripetutamente fino agli ultimi seminari di Zähringen, nel 1973, su questo punto. Ciò che la filosofia futura reclama è l'esercizio ad un pensiero meditante rispetto ad un un pensiero calcolante, che nei prodotti della tecnica moderna si è imposto con violenza sull'uomo e sulle cose, ha provocato e catturato la natura, mettendo alla fine in forse il senso e la fondatezza dell'esistenza. Questo libro, nella forma d'introduzione, si propone di guidare il lettore lungo l'itinerario biografico e speculativo del pensatore di Messkirch: dall'epoca di Husserl, alla pubblicazione di "Essere e tempo" nel 1927, agli scritti su Nietzsche, il linguaggio e la poesia, pensata quest'ultima come forma estrema della dicibilità dell'essere. L'introduzione ha lo scopo di offrire un mezzo adeguato per l'interpretazione del pensiero heideggeriano, in vista di ciò che, secondo Heidegger, resta ancora da pensare. |
| 700 1# - ADDED ENTRY--PERSONAL NAME | |
| Personal name | Heidegger, Martin, |
| Dates associated with a name | 1889-1976 |
| Relator term | autore in citazioni o estratti |
| Relator code | aqt |
| 9 (RLIN) | 36498 |
| 830 #0 - SERIES ADDED ENTRY--UNIFORM TITLE | |
| Uniform title | Interpretazioni ; |
| Volume number/sequential designation | 4. |
| 9 (RLIN) | 62650 |
| 942 ## - ADDED ENTRY ELEMENTS (KOHA) | |
| Source of classification or shelving scheme | |
| Institution code [OBSOLETE] | IT-MiSPE |
| Koha item type | LIBRO |
| Withdrawn status | Lost status | Source of classification or shelving scheme | Damaged status | Not for loan | Home library | Current library | Date acquired | Total Checkouts | Full call number | Barcode | Date last seen | Price effective from | Koha item type |
|---|---|---|---|---|---|---|---|---|---|---|---|---|---|
| Dewey Decimal Classification | Buone Condizioni | Not For Loan | CINISELLO | CINISELLO | 22/10/2025 | 193-ZIN gu he (ppv 23420) | 9788838234892 | 22/10/2025 | 22/10/2025 | LIBRO |